LDR 01355nam a2200301 i 4500 001 000000147058 003 CaOOAMICUS 005 20060120000000.0 008 060120s1947 fr u000 u fre u 013 $a123992 020 $a2-02-003252-X 040 $aSeMil$bita 100 0 $aJuan : de la Cruz,$c
.$0(OLS)http://semarc/name/3819 245 10$aOeuvres spirituelles /$cSaint Jean de la Croix ; Traduction du R.P. Grégoire de Saint Joseph , Carme Déchaussé. 246 04$iTitolo in copertina:$aOeuvres spirituelles de saint Jean de la Croix 260 $aParis :$bEd. du Seuil,$c1947. 300 $a1304 p. ;$c19 cm. 650 4$aGiovanni : della Croce
- Opere.$0(OLS)http://semarc/subject/1199 700 1 $aGrégoire : de Saint Joseph.$0(OLS)http://semarc/name/58416 850 $aSeMil 852 $aSeMil$W1$xVenegono$y1$m3H I 96$j99654$B99654$CSeMilBibl$Z2$F108349 $81 900 0 $aGiovanni : della Croce. 961 $aOmaggio: Martinelli don Romano 996 $6020$a2-02-003252-X$9(OLS)http://semarc/number/135715 996 $6246$aOeuvres spirituelles de saint Jean de la Croix$9(OLS)http://semarc/title/215062 996 $6245$aOeuvres spirituelles$9(OLS)http://semarc/title/12593 996 $6260$aParis :$bEd. du Seuil$9(OLS)http://semarc/publisher/30152